Guidelines for implementation of section 179(A) & (G) of the election act of Kingdom of Bhutan relating to disqualification of nominations of voters convicted for criminal offence or pending criminal charges / (Record no. 2863)

MARC details
000 -LEADER
fixed length control field 00641nam a2200169 4500
001 - CONTROL NUMBER
control field 3525
005 - DATE AND TIME OF LATEST TRANSACTION
control field 20181127171415.0
020 00 - INTERNATIONAL STANDARD BOOK NUMBER
International Standard Book Number
090 00 - LOCALLY ASSIGNED LC-TYPE CALL NUMBER (OCLC); LOCAL CALL NUMBER (RLIN)
Classification number (OCLC) (R) ; Classification number, CALL (RLIN) (NR) 342.07 C7467gu 2012
110 ## - MAIN ENTRY--CORPORATE NAME
Corporate name or jurisdiction name as entry element Election Commission of Bhutan.
Subordinate unit
Location of meeting
Date of meeting or treaty signing
Relator term
Number of part/section/meeting
Name of part/section of a work
245 00 - TITLE STATEMENT
Title Guidelines for implementation of section 179(A) & (G) of the election act of Kingdom of Bhutan relating to disqualification of nominations of voters convicted for criminal offence or pending criminal charges /
Remainder of title
Statement of responsibility, etc. Election Commission of Bhutan.
Medium
250 00 - EDITION STATEMENT
Edition statement
260 00 - PUBLICATION, DISTRIBUTION, ETC.
Place of publication, distribution, etc. Thimphu :
Name of publisher, distributor, etc. Election Commission of Bhutan,
Date of publication, distribution, etc. 2012.
300 00 - PHYSICAL DESCRIPTION
Extent v. ; 21 cm.
500 00 - GENERAL NOTE
General note
650 00 - SUBJECT ADDED ENTRY--TOPICAL TERM
Topical term or geographic name entry element Election law --Bhutan.
General subdivision
Holdings
Withdrawn status Lost status Source of classification or shelving scheme Damaged status Not for loan Collection code Home library Current library Shelving location Serial Enumeration / chronology Inventory number Total Checkouts Full call number Barcode Date last seen Price effective from Koha item type
    Dewey Decimal Classification     Periodicals RTC Library RTC Library Periodicals 6053   Periodicals Serials 30003936 27/11/2018 27/11/2018 Periodicals
Royal Thimphu College || All Right Reserved